Aplicación de polímeros naturales al tratamiento de potabilización del agua
Uloženo v:
| Hlavní autor: | |
|---|---|
| Médium: | Kniha |
| Vydáno: |
[San José , Costa Rica]
1984
|
| Témata: | |
| Tagy: |
Přidat tag
Žádné tagy, Buďte první, kdo vytvoří štítek k tomuto záznamu!
|
MARC
| LEADER | 00000nam a2200000Ia 4500 | ||
|---|---|---|---|
| 003 | 002463 | ||
| 005 | 20221231144411.0 | ||
| 008 | 140114s1984 c a m 000 ||s d | ||
| 040 | |c cru CEDI | ||
| 090 | |a TFG 1483 | ||
| 100 | |a Picado Blanco, Luis Paulino |9 14938 | ||
| 245 | |a Aplicación de polímeros naturales al tratamiento de potabilización del agua | ||
| 260 | |c 1984 |a [San José , Costa Rica] | ||
| 300 | |a 203 páginas : ilustraciones ; 27 cm | ||
| 500 | |a Proyecto de graduación (ingeniero civil)--Universidad de Costa Rica. Facultad de Ingeniería. Escuela de Ingeniería Civil | ||
| 650 | |x POLIMEROS |x PURIFICACION DEL AGUA |x AGUA POTABLE |9 14939 | ||
| 942 | |c TFG |2 ddc | ||
| 999 | |c 21322 |d 21322 | ||
